| 000 | 00628nam a2200181Ia 4500 | ||
|---|---|---|---|
| 003 | GCL | ||
| 008 | 140319s9999 xx 000 0 ara d | ||
| 040 |
_aGCL / _cGCL |
||
| 082 | 0 | 4 |
_aد _b050 _bد هـ |
| 245 | 1 | 0 | _aالهلال مارس 1986 : العالم الاسلامى صراع وعنف وتوتر |
| 260 |
_aالقاهرة : _bدار الهلال للطباعة والنشر ، _c1986 |
||
| 650 | 0 | 4 | _aالكتابة العربية |
| 650 | 0 | 4 | _aمنظمة اليونسكو |
| 650 | 0 | 4 | _aعبدالرحمن الشرقاوى |
| 650 | 0 | 4 | _aنجيب الريحانى |
| 650 | 0 | 4 | _aمنظمة الاوبك |
| 942 |
_2ddc _cCR |
||
| 999 |
_c6708 _d6708 |
||